<?xml version="1.0" encoding="UTF-8"?>
<collection xmlns="http://www.loc.gov/MARC21/slim">
  <record>
    <leader>00000nam  2200000   4500</leader>
    <controlfield tag="001">INLIS000000000003508</controlfield>
    <controlfield tag="005">20181117111613</controlfield>
    <datafield tag="035" ind1="#" ind2="#">
      <subfield code="a">0010-1118000048</subfield>
    </datafield>
    <controlfield tag="007">ta</controlfield>
    <controlfield tag="008">181117################|##########|#|##</controlfield>
    <datafield tag="100" ind1="#" ind2="#">
      <subfield code="a">Lembaga Administrasi Negara</subfield>
    </datafield>
    <datafield tag="245" ind1="1" ind2="#">
      <subfield code="a">Keputusan Kepala Lembaga Administrasi Negara nomor 1049 A/X/6/4/2001 dan Keputusan Kepala Lembaga Administrasi Negara Nomor 171/IX/6/4/2001 :</subfield>
      <subfield code="b">Tentang Perubahan atas Keputusan Kepala Lembaga Administrasi Negara Nomor 1049A/IX/6/4/2001 Tentang Organisasi dan Tatakerja Lembaga Administrasi Negara /</subfield>
      <subfield code="c">Lembaga Administrasi Negara</subfield>
    </datafield>
    <datafield tag="260" ind1="#" ind2="#">
      <subfield code="a">Jakarta :</subfield>
      <subfield code="b">LAN RI,</subfield>
      <subfield code="c">2001</subfield>
    </datafield>
    <datafield tag="300" ind1="#" ind2="#">
      <subfield code="a">...hlm :</subfield>
      <subfield code="b">ilus. ;</subfield>
      <subfield code="c">30 cm.</subfield>
    </datafield>
    <datafield tag="650" ind1="#" ind2="#">
      <subfield code="a">Organisasi dan Tatakerja LAN RI</subfield>
    </datafield>
    <datafield tag="084" ind1="#" ind2="#">
      <subfield code="a">Konten Digital</subfield>
    </datafield>
    <datafield tag="990" ind1="#" ind2="#">
      <subfield code="a">00000004596</subfield>
    </datafield>
    <datafield tag="990" ind1="#" ind2="#">
      <subfield code="a">00000004596</subfield>
    </datafield>
  </record>
</collection>
